[Event "FICGS rapid B 000203 email"]
[Site "FICGS email"]
[Date "2013.01.16"]
[Round "1"]
[White "Hasyn, Thomas"]
[Black "Lois, Spyros"]
[Result "0-1"]
[WhiteElo "1808"]
[BlackElo "1853"]
[PlyCount "26"]
[EventDate "2013.??.??"]
[EventType "tourn (rapid)"]
[EventRounds "6"]
[SourceTitle "Corr 2022"]
[Source "ChessBase"]
[SourceDate "2021.10.24"]
[SourceVersion "1"]
[SourceVersionDate "2021.10.24"]
[SourceQuality "1"]

1. c4 e5 2. g3 Nf6 3. Bg2 c6 4. d4 exd4 5. Qxd4 d5 6. Nf3 Be7 7. cxd5 cxd5 8. 0-0 Nc6 9. Qa4 0-0 10. Nc3 Be6 11. Be3 a6 12. Rfd1 b5 13. Qc2 Rc8 0-1

[Event "FICGS class B 000147 email"]
[Site "FICGS email"]
[Date "2011.06.01"]
[Round "1"]
[White "Velasco, Josep"]
[Black "Hasyn, Thomas"]
[Result "1-0"]
[WhiteElo "1903"]
[BlackElo "1836"]
[PlyCount "35"]
[EventDate "2011.??.??"]
[EventType "tourn (corr)"]
[EventRounds "5"]
[SourceTitle "Corr 2013"]
[Source "ChessBase"]
[SourceDate "2012.11.12"]
[SourceVersion "1"]
[SourceVersionDate "2012.11.12"]
[SourceQuality "1"]

1. e4 c5 2. Nf3 d6 3. d4 cxd4 4. Nxd4 Nf6 5. Nc3 Nc6 6. Bg5 e6 7. Qd2 Be7 8. 0-0-0 0-0 9. f4 Nxd4 10. Qxd4 Qa5 11. Bc4 Bd7 12. e5 dxe5 13. fxe5 Bc6 14. Bd2 Nd7 15. Nd5 Qd8 16. Nxe7+ Qxe7 17. Rhe1 Rfd8 18. Qg4 1-0

[Event "FICGS rapid B 000178 email"]
[Site "FICGS email"]
[Date "2011.03.08"]
[Round "1"]
[White "Hasyn, Thomas"]
[Black "Salonen, Jukka"]
[Result "1/2-1/2"]
[WhiteElo "1782"]
[BlackElo "1842"]
[PlyCount "63"]
[EventDate "2011.??.??"]
[EventType "tourn (rapid)"]
[EventRounds "6"]
[SourceTitle "Corr 2013"]
[Source "ChessBase"]
[SourceDate "2012.11.12"]
[SourceVersion "1"]
[SourceVersionDate "2012.11.12"]
[SourceQuality "1"]

1. c4 e5 2. g3 Nc6 3. Bg2 Nf6 4. Nc3 g6 5. e4 Bg7 6. Nge2 0-0 7. 0-0 d6 8. f4 Bg4 9. h3 Bd7 10. d3 Nd4 11. f5 gxf5 12. exf5 Nxf5 13. g4 Nh4 14. Bxb7 Rb8 15. Bh1 Ne8 16. Ng3 f5 17. Nxf5 Nxf5 18. gxf5 Rxf5 19. Rxf5 Bxf5 20. Qh5 Bxd3 21. Bd5+ Kh8 22. Bg5 Qd7 23. Qf3 Bg6 24. Rf1 h6 25. Bc6 e4 26. Qf8+ Bxf8 27. Rxf8+ Kh7 28. Bxd7 hxg5 29. b3 Kg7 30. Bxe8 Rxe8 31. Rxe8 Bxe8 32. Nxe4 1/2-1/2

[Event "FICGS class C 000154 email"]
[Site "FICGS email"]
[Date "2010.08.14"]
[Round "1"]
[White "Hasyn, Thomas"]
[Black "Ropokis, Dimitrios"]
[Result "1-0"]
[WhiteElo "1644"]
[BlackElo "1800"]
[PlyCount "109"]
[EventDate "2010.??.??"]
[EventType "tourn (corr)"]
[EventRounds "6"]
[SourceTitle "Corr 2013"]
[Source "ChessBase"]
[SourceDate "2012.11.12"]
[SourceVersion "1"]
[SourceVersionDate "2012.11.12"]
[SourceQuality "1"]

1. c4 Nf6 2. g3 d5 3. cxd5 Qxd5 4. Nf3 Nc6 5. Nc3 Qa5 6. Bg2 e5 7. d3 Bd6 8. 0-0 0-0 9. Nd2 Qa6 10. Nc4 h6 11. a4 Be6 12. b3 Rad8 13. Bb2 Bc5 14. Rc1 Nd4 15. e3 Nc6 16. Nb5 Bd6 17. d4 exd4 18. exd4 Be5 19. Nxe5 Nxe5 20. Re1 Nd3 21. Qxd3 c6 22. d5 cxb5 23. axb5 Qd6 24. Be5 Qe7 25. Rc7 Qb4 26. Bc3 Qd6 27. Rxb7 Bxd5 28. Rxa7 Qc5 29. Bd4 Qb4 30. Qc3 Qxb5 31. Bxf6 gxf6 32. Qxf6 Bxg2 33. Kxg2 Qd5+ 34. Qf3 Qxf3+ 35. Kxf3 Rd3+ 36. Re3 Rd6 37. Rb7 Ra8 38. Kg2 Kg7 39. Rf3 Rf8 40. b4 Rd4 41. h4 Kg6 42. Rb3 Rfd8 43. b5 Rd3 44. Rxd3 Rxd3 45. g4 Rb3 46. f3 Kf6 47. Kg3 Rb2 48. Rb6+ Kg7 49. Kf4 Rb3 50. Ke4 Kf8 51. f4 Kg7 52. Kf5 Rb2 53. Rb8 Rc2 54. b6 Rb2 55. Ke5 1-0

[Event "FICGS class D 000146 email"]
[Site "FICGS email"]
[Date "2010.04.13"]
[Round "1"]
[White "Cridland, Graham M"]
[Black "Hasyn, Thomas"]
[Result "0-1"]
[WhiteElo "1470"]
[BlackElo "1596"]
[PlyCount "68"]
[EventDate "2010.??.??"]
[EventType "tourn (corr)"]
[EventRounds "5"]
[SourceTitle "Corr 2013"]
[Source "ChessBase"]
[SourceDate "2012.11.12"]
[SourceVersion "1"]
[SourceVersionDate "2012.11.12"]
[SourceQuality "1"]

1. e4 c5 2. Nf3 d6 3. d4 cxd4 4. Nxd4 Nf6 5. Nc3 a6 6. Bg5 e6 7. f4 Nbd7 8. Qf3 Qc7 9. 0-0-0 Be7 10. g4 b5 11. Bxf6 Nxf6 12. g5 Nd7 13. f5 Nc5 14. f6 gxf6 15. gxf6 Bf8 16. Rg1 h5 17. a3 Rb8 18. Rg7 b4 19. axb4 Rxb4 20. Nd5 exd5 21. exd5 Nd7 22. Nc6 Ne5 23. Qe3 Ra4 24. Kb1 Bxg7 25. fxg7 Rg8 26. Qh6 Nxc6 27. dxc6 Qa5 28. c4 Ra1+ 29. Kc2 Qa4+ 30. b3 Ra2+ 31. Kc3 Qa5+ 32. Kd3 Bf5+ 33. Ke3 Qe5+ 34. Kf3 Bg4# 0-1

[Event "FICGS class D 000146 email"]
[Site "FICGS email"]
[Date "2010.04.13"]
[Round "1"]
[White "Hasyn, Thomas"]
[Black "Kohut, Gregory"]
[Result "1/2-1/2"]
[WhiteElo "1596"]
[BlackElo "1543"]
[PlyCount "39"]
[EventDate "2010.??.??"]
[EventType "tourn (corr)"]
[EventRounds "5"]
[SourceTitle "Corr 2013"]
[Source "ChessBase"]
[SourceDate "2012.11.12"]
[SourceVersion "1"]
[SourceVersionDate "2012.11.12"]
[SourceQuality "1"]

1. e4 e6 2. d4 d5 3. Nc3 Bb4 4. e5 c5 5. a3 Bxc3+ 6. bxc3 Ne7 7. Nf3 Nbc6 8. Be2 Qa5 9. Qd2 b6 10. 0-0 Ba6 11. Bd3 cxd4 12. Bxa6 Qxa6 13. cxd4 0-0 14. a4 Rac8 15. Ba3 Rfe8 16. Rfc1 Na5 17. Bb4 Nc4 18. Qd3 Qb7 19. Rcb1 Qd7 20. a5 1/2-1/2

[Event "FICGS class C 000084 email"]
[Site "FICGS email"]
[Date "2009.08.30"]
[Round "1"]
[White "Dumont, Freddy"]
[Black "Hasyn, Thomas"]
[Result "1-0"]
[WhiteElo "1894"]
[BlackElo "1800"]
[PlyCount "23"]
[EventDate "2009.??.??"]
[EventType "tourn (corr)"]
[EventRounds "1"]
[SourceTitle "Corr 2022"]
[Source "ChessBase"]
[SourceDate "2021.10.24"]
[SourceVersion "1"]
[SourceVersionDate "2021.10.24"]
[SourceQuality "1"]

1. e4 c6 2. Nf3 d5 3. Nc3 Bg4 4. h3 Bxf3 5. Qxf3 e6 6. a3 Nf6 7. d3 Nbd7 8. exd5 cxd5 9. d4 Qb6 10. Qe3 Bd6 11. Bd3 0-0 12. 0-0 1-0

[Event "FICGS class C 000084 email"]
[Site "FICGS email"]
[Date "2009.08.30"]
[Round "1"]
[White "Hasyn, Thomas"]
[Black "Panov, Dmitriy"]
[Result "1/2-1/2"]
[WhiteElo "1800"]
[BlackElo "1800"]
[PlyCount "50"]
[EventDate "2009.??.??"]
[EventType "tourn (corr)"]
[EventRounds "1"]
[SourceTitle "Corr 2022"]
[Source "ChessBase"]
[SourceDate "2021.10.24"]
[SourceVersion "1"]
[SourceVersionDate "2021.10.24"]
[SourceQuality "1"]

1. d4 Nf6 2. Nf3 e6 3. c4 b6 4. g3 Bb7 5. Bg2 Be7 6. 0-0 0-0 7. Nc3 d5 8. Ne5 Nbd7 9. cxd5 Nxd5 10. Nxd5 exd5 11. Nd3 Rc8 12. b4 c5 13. bxc5 bxc5 14. Rb1 Ba8 15. dxc5 Nxc5 16. Nxc5 Bxc5 17. Qd3 d4 18. Bxa8 Rxa8 19. Bf4 Bb6 20. Rfc1 Rc8 21. Rxc8 Qxc8 22. Rc1 Qe6 23. a4 Rc8 24. Rxc8+ Qxc8 25. Qb5 Qc5 1/2-1/2

[Event "FICGS class C 000084 email"]
[Site "FICGS email"]
[Date "2009.08.30"]
[Round "1"]
[White "Sammut, Ronald"]
[Black "Hasyn, Thomas"]
[Result "1-0"]
[WhiteElo "2045"]
[BlackElo "1800"]
[PlyCount "29"]
[EventDate "2009.??.??"]
[EventType "tourn (corr)"]
[EventRounds "1"]
[SourceTitle "Corr 2022"]
[Source "ChessBase"]
[SourceDate "2021.10.24"]
[SourceVersion "1"]
[SourceVersionDate "2021.10.24"]
[SourceQuality "1"]

1. e4 c5 2. Nf3 d6 3. d4 cxd4 4. Nxd4 Nf6 5. Nc3 a6 6. Bg5 e6 7. f4 Be7 8. Qf3 Qc7 9. 0-0-0 Nbd7 10. g4 b5 11. Bxf6 Nxf6 12. g5 Nd7 13. f5 Nc5 14. f6 gxf6 15. gxf6 1-0

[Event "FICGS rapid B 000125 email"]
[Site "FICGS email"]
[Date "2009.08.15"]
[Round "1"]
[White "Panov, Dmitriy"]
[Black "Hasyn, Thomas"]
[Result "1/2-1/2"]
[WhiteElo "1800"]
[BlackElo "1800"]
[PlyCount "33"]
[EventDate "2009.??.??"]
[EventType "tourn (rapid)"]
[EventRounds "6"]
[SourceTitle "Corr 2022"]
[Source "ChessBase"]
[SourceDate "2021.10.24"]
[SourceVersion "1"]
[SourceVersionDate "2021.10.24"]
[SourceQuality "1"]

1. e4 c5 2. c3 Nf6 3. e5 Nd5 4. d4 cxd4 5. cxd4 d6 6. exd6 Qxd6 7. Nf3 Nc6 8. Nc3 g6 9. Bc4 Be6 10. Qb3 Rd8 11. Nxd5 Bxd5 12. Bxd5 Qxd5 13. Qxb7 Rb8 14. Qa6 Bg7 15. 0-0 0-0 16. Be3 Rxb2 17. Rfd1 1/2-1/2

[Event "FICGS rapid B 000125 email"]
[Site "FICGS email"]
[Date "2009.08.15"]
[Round "1"]
[White "Sternik, Ryszard"]
[Black "Hasyn, Thomas"]
[Result "1-0"]
[WhiteElo "1817"]
[BlackElo "1800"]
[PlyCount "63"]
[EventDate "2009.??.??"]
[EventType "tourn (rapid)"]
[EventRounds "6"]
[SourceTitle "Corr 2022"]
[Source "ChessBase"]
[SourceDate "2021.10.24"]
[SourceVersion "1"]
[SourceVersionDate "2021.10.24"]
[SourceQuality "1"]

1. e4 c5 2. Nc3 e6 3. Nf3 Nc6 4. d4 cxd4 5. Nxd4 Qc7 6. Be2 a6 7. f4 b5 8. Nxc6 Qxc6 9. Bf3 Bb7 10. e5 Qc7 11. Bxb7 Qxb7 12. 0-0 Bc5+ 13. Kh1 Ne7 14. Qd3 Nf5 15. Ne4 Be7 16. Ng3 Nh4 17. Qe2 0-0 18. Be3 Rac8 19. c3 b4 20. cxb4 Bxb4 21. a3 Be7 22. b4 Rc3 23. Bd4 Rc4 24. Rad1 Rfc8 25. Rd2 a5 26. Bc5 Bxc5 27. Qxc4 Be3 28. Qe4 Qxe4 29. Nxe4 Bxd2 30. Nxd2 axb4 31. axb4 Rc2 32. b5 1-0